Con người và những phát minh Khám phá và phát minh, sáng chế. Máy, động cơ, dụng cụ. Truyền thông và các phương tiện thông tin đại chúng
Gồm các khám phá và phát minh, sáng chế xuất hiện từ hàng nghìn năm nay về các lĩnh vực khoa học kỹ thuật, thiên văn học. Đặc biệt các phát minh về lĩnh vực kĩ thuật, ghi lại các tiến bộ của công nghệ kĩ thuật như máy, động cơ, dụng cụ. ngoài ra còn nói về những phương tiện truyền thông phục vụ cho...
Saved in:
| Corporate Author: | |
|---|---|
| Other Authors: | , , , |
| Format: | Book |
| Language: | Vietnamese French |
| Published: |
H.
Giáo dục
1998
|
| Series: | Bách khoa thư chuyên đề
|
| Subjects: | |
| Tags: |
Add Tag
No Tags, Be the first to tag this record!
|
| Institutions: | Mạng thư viện Đại học Đà Nẵng |
|---|
| LEADER | 02300nam a22005178a 4500 | ||
|---|---|---|---|
| 001 | 000021973 | ||
| 003 | 18421 | ||
| 005 | 20150424100430.0 | ||
| 008 | 150424s1998 viesd | ||
| 020 | |c 35000 |d 5.000b | ||
| 041 | 0 | |a vie | |
| 041 | 0 | |a fre | |
| 080 | |a 001(T)(09) | ||
| 082 | 1 | 4 | |a 084 |b LAR |
| 084 | |a U213(0)0 |b C430N | ||
| 110 | 1 | |a Larousse | |
| 240 | 0 | |a L'Homme et ses inventions | |
| 245 | 1 | 0 | |a Con người và những phát minh |b Khám phá và phát minh, sáng chế. Máy, động cơ, dụng cụ. Truyền thông và các phương tiện thông tin đại chúng |c Larousse ; Người dịch: Đào Trọng Quang, Đặng Mộng Lân, Ngô Quốc Quýnh, Nguyễn Hữu Tâm |
| 260 | |a H. |b Giáo dục |c 1998 | ||
| 300 | |a 264 tr. |b hình vẽ, ảnh |c 29 cm. | ||
| 490 | |a Bách khoa thư chuyên đề | ||
| 520 | |a Gồm các khám phá và phát minh, sáng chế xuất hiện từ hàng nghìn năm nay về các lĩnh vực khoa học kỹ thuật, thiên văn học. Đặc biệt các phát minh về lĩnh vực kĩ thuật, ghi lại các tiến bộ của công nghệ kĩ thuật như máy, động cơ, dụng cụ. ngoài ra còn nói về những phương tiện truyền thông phục vụ cho đông đảo quần chúng: Báo chí, truyền thanh, truyền hình | ||
| 650 | 0 | 4 | |a Khoa học |v Bách khoa thư |x Con người |x Phát minh |z Thế giới |
| 653 | |a Bách khoa thư | ||
| 653 | |a Máy móc | ||
| 653 | |a Truyền thông | ||
| 653 | |a Phương tiện thông tin | ||
| 653 | |a Phát minh kĩ thuật | ||
| 653 | |a Lịch sử | ||
| 653 | |a Phát minh | ||
| 653 | |a Khoa học | ||
| 653 | |a Con người | ||
| 700 | 1 | |a Ngô Quốc Quýnh |e dịch | |
| 700 | 1 | |a Nguyễn Hữu Tâm |e dịch | |
| 700 | 1 | |a Đặng Mộng Lân |e dịch | |
| 700 | 1 | |a Đào Trọng Quang |e dịch | |
| OWN | |a LSP | ||
| AVA | |a UDN50 |b LSP |d 084 LAR |e available |t Error 5001 Not defined in file expand_doc_bib_avail. |f 2 |g 0 |h N |i 0 |k 1 | ||
| 999 | |a From the UDN01 | ||
| AVA | |a UDN50 |b LSP |d 084 LAR |e available |t Error 5001 Not defined in file expand_doc_bib_avail. |f 2 |g 0 |h N |i 0 |k 1 | ||
| TYP | |a Monograph | ||
| TYP | |a Printed language | ||
| 980 | |a Mạng thư viện Đại học Đà Nẵng | ||